| 000 | 00881nam a22002897a 4500 | ||
|---|---|---|---|
| 003 | CHAP | ||
| 005 | 20220329134446.0 | ||
| 008 | 971013s1970 r 00010 d | ||
| 010 | _a20738 | ||
| 011 | _a21710 | ||
| 035 | _a25801 | ||
| 040 | _cCHAP | ||
| 082 |
_a574.1 _bA7Y |
||
| 100 | 0 | 0 |
_aArmstrong, George G., Jr. _97228 |
| 245 | _aManual de prácticas de fisiología | ||
| 260 |
_aMéxico, D.F. : _bInteramericana, _c1970 |
||
| 300 |
_a268 p. _b: ilus |
||
| 500 | _aTrad. de la 2ed. en inglés | ||
| 590 |
_aBATCH-UPD _b10 _c20130110 _lUCH01 _h2023 |
||
| 590 |
_aBATCH-UPD _b10 _c20130410 _lUCH01 _h1341 |
||
| 590 |
_aBATCH-UPD _b10 _c20130914 _lUCH01 _h1034 |
||
| 590 |
_aCONVERSION _b10 _c20130109 _lUCH01 _h1312 |
||
| 650 | 1 | 4 |
_aFisiología _xManuales de laboratorio. _941129 |
| 901 | _aBK | ||
| 942 | _cLIBRO | ||
| 949 |
_a574.1 A7Y _bBC _cMUT _d-59627 _eMUT _h16624 _i25801 _mD _si |
||
| 999 |
_c20738 _d20738 |
||